000 00454nam a2200181Ia 4500
001 11287
005 20260306162817.0
008 260306t2021||||xx |||||||||||||| ||spa||
041 _aESP
082 _a985.021
_bI59
110 _aInstituto Nacional de Estadística e Informática
245 0 _aEstadísticas del bicentenario
260 _c2021
300 _a194 páginas :
_c24 cm.
650 _aGEN
654 _aCHU
942 _cLIB
_dJUS
_fJUS
_2ddc
_n
999 _c11287
_d11287